Quiz en cascade #2 - Statistiques

Statistiques générales
  • Ce quiz a été pris 210 fois
  • Le résultat moyen est 12 sur 24
Statistiques - réponses
Hint Réponse % Correct
La forêt de Bornéo est située en Indonésie (début)
91%
Qui est composée de 18 000 îles
78%
Qui peuvent être flottantes
70%
Au sommet des montagnes
67%
Organisées en chaînes
62%
Que l'on peut monter en neige
62%
Où l'on met les fous
60%
Qui pour un chien se nomme laisse
59%
Anagramme du mot asiles
58%
Inventé en Asie
53%
Lorsqu'elle contiennent des œufs
51%
Dans le cadre des échecs
45%
Parfois éternelle
44%
Où est parfois rendue justice
43%
Et où œuvrent les avocats
40%
Mélange de jaune et de bleu
38%
Souvent appréciés en salade
35%
Qui peut être verte
35%
Pays aux 2 000 langues
33%
Crachée par un volcan
30%
Couleur exceptionnelle de la lave
29%
Située sous le palais
29%
Situé en Indonésie (fin)
27%
Associés aux cavaliers
25%
Aucun quiz correspondant
Distribution des résultats
% des personnes avec chaque résultat
Percentile par nombre de réponses
Votre historique - résultats
Vous n’avez pas pris ce quiz